Письма должностных лиц и благотворительных обществ к А. Ф. Кони об увековечивании памяти доктора Ф. П. Гааза

Доступно только в Электронных читальных залах Найти на картеНа карте
RUSMARC
00004290nac2a22002771x 450
001bf27b490-30f4-445a-9801-8015b62ea452
00520131219034818.0
100##$a20130529l18921914k y0rusy50 ca
1010#$arus
102##$aRU
105##$ay z |||e|
1222#$ad189202
$ad19140503
2001#$aПисьма должностных лиц и благотворительных обществ к А. Ф. Кони об увековечивании памяти доктора Ф. П. Гааза
$jФевраль 1892 - 3 мая 1914
215##$a12 листов
251##$cДело
300##$aЗаголовок дела на папке: Письма должностных лиц и благотворительных обществ А. Ф. Кони по вопросу об увековечении памяти доктора Ф. П. Гааза
300##$aЧасть текста рукописная, часть напечатана на машинке
330##$aДокументальные материалы, отложившиеся в результате служебной и общественной деятельности А. Ф. Кони; Документальные материалы, отложившиеся в результате общественной деятельности А. Ф. Кони
461#0$10013a54f2e3-e9cf-409b-80fa-f0a9bd3c40cb
$12001
$aКони Анатолий Федорович, юрист, литератор, член академии наук, председатель Санкт-Петербургского окружного суда, член государственного совета
$1251
$cФонд
$1852
$j564
462#0$100178a475cd-a47d-4377-bff3-cee4b81de655
$12001
$aОпись дел фонда А. Ф. Кони за 1880-1931 гг.
$1251
$cОпись
$1852
$j1
517##$aПисьма должностных лиц и благотворительных обществ А. Ф. Кони по вопросу об увековечении памяти доктора Ф. П. Гааза
600#1$aКони
$bА. Ф.
$f1844-1927
$gАнатолий Федорович
600#1$aГааз
$bФ. П.
$f1780-1853
$gФедор Петрович
801#0$aRU
$bGA_RF
801#1$aRU
$bНПО Опыт
$c20130529
$2rusmarc
801#2$aRU
$bПБ им. Б.Н. Ельцина
$c20131219
$gRCR
$2rusmarc
852##$aГА РФ
$j754
937##$d42302626
$hПБ
035##$aRuPRLIB51002807
Формат отображения